Loch Lomond Lyric Quiz - Statistics

General Stats
  • This quiz has been taken 12 times
  • The average score is 92 of 138
Answer Stats
Answer % Correct
Ben
100%
Bonnie
100%
On
100%
And
89%
Be
89%
Loch
89%
Lomond
89%
Lomond (x3)
89%
Love
89%
Me
89%
My
89%
The
89%
Again
78%
Banks
78%
Glen
78%
In
78%
Meet
78%
Never
78%
Of
78%
Shady
78%
True
78%
Where
78%
Will
78%
You
78%
Afore
67%
High
67%
I'll
67%
Ill
67%
Low
67%
Parted
67%
Road
67%
Scotland
67%
Take
67%
Yon
67%
Shines
56%
Sides
56%
Steep
56%
Sun
56%
We
44%
Broken
33%
Heart
33%
Second
22%
Spring
22%
You'll
22%
Banks (x9)
11%
Bhoidheach (x7)
11%
Days
11%
Ho
11%
Knows
11%
Lennan
11%
Many
11%
Mo
11%
Must
11%
No
11%
Parting
11%
Resigned
11%
Sad
11%
Spent
11%
Tea
11%
Too
11%
Tree
11%
We're
11%
While
11%
No matching quizzes found
Score Distribution
Percent of People with Each Score
Percentile by Number Answered
Your Score History
You have not taken this quiz